| 000 | 00500nam a22001697a 4500 | ||
|---|---|---|---|
| 005 | 20251219105146.0 | ||
| 008 | 251219b |||||||| |||| 00| 0 eng d | ||
| 020 | _a978-0-534-19928-9 | ||
| 100 | _aFULMER GILBERT | ||
| 245 | _aINTRODUCTION TO PHILOSOPHY | ||
| 260 |
_aMANSON, OHIO _bCENGAGE LEARNING _c2003 |
||
| 300 | _a238P | ||
| 500 | _aINCLUDES BIBLIOG4RAPHICA REFERENCES AND INDEX | ||
| 650 | _a PHILOSOPHY | ||
| 700 |
_aPOJMAN, LOUIS P. _aFEINBERG, JOEL _aKAHANE, HOWARD |
||
| 942 |
_2lcc _cBK |
||
| 999 |
_c216370 _d216370 |
||